<?xml version="1.0" encoding="UTF-8"?>
<record
    xmlns:xsi="http://www.w3.org/2001/XMLSchema-instance"
    xsi:schemaLocation="http://www.loc.gov/MARC21/slim http://www.loc.gov/standards/marcxml/schema/MARC21slim.xsd"
    xmlns="http://www.loc.gov/MARC21/slim">

  <leader>01359nam a22002057a 4500</leader>
  <datafield tag="999" ind1=" " ind2=" ">
    <subfield code="c">358468</subfield>
    <subfield code="d">358469</subfield>
  </datafield>
  <controlfield tag="003">IT-MiCISF</controlfield>
  <controlfield tag="005">20190801164602.0</controlfield>
  <controlfield tag="008">190801b           ||||| |||| 00| 0 eng d</controlfield>
  <datafield tag="040" ind1=" " ind2=" ">
    <subfield code="c">IT-MiCISF</subfield>
  </datafield>
  <datafield tag="041" ind1=" " ind2=" ">
    <subfield code="a">it</subfield>
  </datafield>
  <datafield tag="100" ind1=" " ind2=" ">
    <subfield code="a">Rigoli MariaTeresa, Muscar&#xE0; Giuseppe</subfield>
    <subfield code="9">58000</subfield>
  </datafield>
  <datafield tag="245" ind1=" " ind2=" ">
    <subfield code="a">Sempre nel cuore</subfield>
    <subfield code="b">Rinascere dopo la perdita di un figlio</subfield>
  </datafield>
  <datafield tag="260" ind1=" " ind2=" ">
    <subfield code="a">Milano</subfield>
    <subfield code="b">ITL</subfield>
    <subfield code="c">2018</subfield>
  </datafield>
  <datafield tag="300" ind1=" " ind2=" ">
    <subfield code="a">pp. 166</subfield>
  </datafield>
  <datafield tag="500" ind1=" " ind2=" ">
    <subfield code="a">morte, famiglia, lutto, esperienze</subfield>
  </datafield>
  <datafield tag="520" ind1=" " ind2=" ">
    <subfield code="a">Un figlio che ha lasciato questa vita quando aveva solo 20 anni. Due genitori che quel giorno hanno iniziato un lungo cammino, che continua ancora oggi, alla ricerca di un senso e di nuove ragioni per sperare e per amare. Bisogna entrare "in punta di piedi" nelle pagine in cui raccontano il loro viaggio, perch&#xE9; - come scrive padre Ermes Ronchi nella prefazione - &#xAB;sono loro i veri maestri, i testimoni che ci mettono alle strette davanti al "caso serio" della vita&#xBB;. Le parole di questo diario infatti ce li riconsegnano come &#xAB;dei guaritori feriti. Che proprio dalla ferita subita sanno trarre una terapia, un balsamo per il vivere d'altri: e le ferite diventano feritoie di luce per quanti devono affrontare lo stesso dolore, il pi&#xF9; atroce e che mette tutto a repentaglio. C'&#xE8; dell'oro nelle ferite&#xBB;.</subfield>
  </datafield>
  <datafield tag="650" ind1=" " ind2=" ">
    <subfield code="a">morte</subfield>
    <subfield code="9">56250</subfield>
  </datafield>
  <datafield tag="654" ind1=" " ind2=" ">
    <subfield code="a">testimonianza</subfield>
  </datafield>
  <datafield tag="942" ind1=" " ind2=" ">
    <subfield code="2">ddc</subfield>
    <subfield code="c">BK</subfield>
  </datafield>
  <datafield tag="952" ind1=" " ind2=" ">
    <subfield code="0">0</subfield>
    <subfield code="1">0</subfield>
    <subfield code="2">ddc</subfield>
    <subfield code="4">0</subfield>
    <subfield code="6">B_7552_000000000000000</subfield>
    <subfield code="7">1</subfield>
    <subfield code="a">CISF</subfield>
    <subfield code="b">CISF</subfield>
    <subfield code="d">2019-08-01</subfield>
    <subfield code="l">0</subfield>
    <subfield code="o">b7552</subfield>
    <subfield code="p">9788878364714</subfield>
    <subfield code="r">2019-08-01 00:00:00</subfield>
    <subfield code="w">2019-08-01</subfield>
    <subfield code="y">BK</subfield>
  </datafield>
</record>
